Study on small scale of buffaloes raising in pech chreada district,mondulkiri province, (ការសិក្សាអំពីការចិញ្ចឹុមក្របីជាលក្ខណះគ្រួសារនៅក្នុងស្រុកពេជ្រាដា​ ខេត្តមណ្ឌលគីរី) (Record no. 2313)

000 -LEADER
fixed length control field 00681nam a22001337a 4500
040 ## - CATALOGING SOURCE
Transcribing agency RUA
082 ## - DEWEY DECIMAL CLASSIFICATION NUMBER
Classification number AVM LIN 2009 B088 Or.1
100 ## - MAIN ENTRY--AUTHOR NAME
Personal name LIN BOVAN
245 ## - TITLE STATEMENT
Title Study on small scale of buffaloes raising in pech chreada district,mondulkiri province, (ការសិក្សាអំពីការចិញ្ចឹុមក្របីជាលក្ខណះគ្រួសារនៅក្នុងស្រុកពេជ្រាដា​ ខេត្តមណ្ឌលគីរី)
260 ## - PUBLICATION, DISTRIBUTION, ETC. (IMPRINT)
Place of publication phnom penh
Name of publisher rua
Year of publication 2009
300 ## - PHYSICAL DESCRIPTION
Number of Pages x, 47p.
Other physical details ill.
Dimensions 29cm.
856 ## - ELECTRONIC LOCATION AND ACCESS
Uniform Resource Identifier https://drive.google.com/file/d/1qhxliReG70KBV-uTRJfz8NGTNTWbSAAj/view?usp=sharing
942 ## - ADDED ENTRY ELEMENTS (KOHA)
Koha item type AVM
952 ## - LOCATION AND ITEM INFORMATION (KOHA)
Withdrawn status [LOCAL, KOHA] 0
952 ## - LOCATION AND ITEM INFORMATION (KOHA)
Withdrawn status [LOCAL, KOHA] 0
952 ## - LOCATION AND ITEM INFORMATION (KOHA)
Withdrawn status [LOCAL, KOHA] 0
952 ## - LOCATION AND ITEM INFORMATION (KOHA)
Withdrawn status [LOCAL, KOHA] 0
952 ## - LOCATION AND ITEM INFORMATION (KOHA)
Withdrawn status [LOCAL, KOHA] 0
952 ## - LOCATION AND ITEM INFORMATION (KOHA)
Withdrawn status [LOCAL, KOHA] 0
Holdings
Permanent Location Date acquired Koha item type Lost status Shelving location Barcode Current Location Full call number
Library Block B2015-10-19AVM B088RUA016170Library Block BAVM LIN 2009 B088 Or.1
Library Block B2015-10-19AVM B088RUA016169Library Block BAVM LIN 2009 B088 Or.2
Library Block B2015-10-19AVM B088RUA016098Library Block BAVM LIN 2009 B088 Or.3
Library Block B2015-10-19AVM B088RUA015941Library Block BAVM LIN 2009 B088 Or.4
Library Block B2015-10-19AVM B088RUA016019Library Block BAVM LIN 2009 B088 Or.5
Library Block B2015-10-19AVM B088RUA015947Library Block BAVM LIN 2009 B088 Or.6
មជ្ឈមណ្ឌលឯការនៃសាកលវិទ្យាល័យភូមិន្ទកសិកម្មចំការដូង

Powered by Koha